Score 0/30 Timer 04:00
1 Play Today
% Correct
Fish
88.4%
Gibberish
86.6%
Astonish
85.7%
Famish
85.6%
Anguish
85.5%
Extinguish
85.3%
Refurbish
84.8%
Wish
84.7%
Accomplish
83.9%
Horseradish
83.7%
Squish
83.7%
Rubbish
83.2%
Parish
82.6%
Vanish
82.5%
Swish
82.1%
% Correct
Dish
81.5%
Distinguish
80.6%
Publish
80.5%
Banish
80.3%
Finish
79.4%
Polish
78.9%
Punish
78.2%
Varnish
77.6%
Knish
77.4%
Admonish
75.9%
Garnish
75.6%
Relish
74.5%
Tarnish
74.5%
Perish
69.9%
Garish
68.9%
Remove Ads.
Support Sporcle.
Get the best of Sporcle when you Go Orange. This ad-free experience offers more features, more stats, and more fun while also helping to support Sporcle. Thank you for becoming a member.

You're not logged in!

Compare scores with friends on all Sporcle quizzes.
OR
Log In

Show Comments

Extras

Top Quizzes Today


Score Distribution

Your Account Isn't Verified!

In order to create a playlist on Sporcle, you need to verify the email address you used during registration. Go to your Sporcle Settings to finish the process.

Report this User

Report this user for behavior that violates our Community Guidelines.

Details: